000 00589nam a2200217Ia 4500
003 GCL
008 140319s9999 xx 000 0 eng d
020 _a9221108686
040 _aGCL /
_cGCL
082 0 4 _a331.31
_bH A
100 1 _aHASPELS, NELIEN
245 1 0 _aACTION AGAINST CHILD LABOUR /
_cHASPELS, NELIEN
700 1 _aJANKANSIH, MICHELE
260 _aسويسرا :
_bINTERNATIONAL LABOUR OFFICE ،
_c2000
300 _a32 CM ؛
_c329 P
650 0 4 _aGOVERNMENT POLICY
650 0 4 _aCHILDREN
650 0 4 _aCHILD LABOUR
650 0 4 _aDEVELOPING COUNTRIES
942 _2ddc
_cBK
999 _c5759
_d5759